000 00532cam a22001815a 4500
001 ##L134161
008 060713s1942 xxk 000 0 eng u
035 _a(Sirsi) u134161
041 0 _aeng
050 0 4 _a692.5023 $2 18
110 2 _aRoyal Institution of Chartered Surveyors
_94900
245 0 4 _aThe future of the quantity surveyors' profession
260 _aLondon
_bRICS
_c1942
300 _a7p.
_c22cm.
651 4 _aGreat Britain
_y1707-
690 _aBUILT ENVIRONMENT-QUANTITY SURVEYING-QUANTITY SURVEYORS
942 _n0
999 _c105573
_d105573